Thomas Christian Heritage (Record no. 137739)

MARC details
000 -LEADER
fixed length control field 00586nam a22001937a 4500
003 - CONTROL NUMBER IDENTIFIER
control field OSt
005 - DATE AND TIME OF LATEST TRANSACTION
control field 20260123145208.0
008 - FIXED-LENGTH DATA ELEMENTS--GENERAL INFORMATION
fixed length control field 260123b |||||||| |||| 00| 0 eng d
040 ## - CATALOGING SOURCE
Transcribing agency SBCL
082 ## - DEWEY DECIMAL CLASSIFICATION NUMBER
Classification number 242.05
Item number SYR-T
100 ## - MAIN ENTRY--PERSONAL NAME
Personal name Kannampuzha,Peter
245 ## - TITLE STATEMENT
Title Thomas Christian Heritage
Remainder of title The Family:Cradle of the Formation And Transmission of Faith and Morals
260 ## - PUBLICATION, DISTRIBUTION, ETC.
Place of publication, distribution, etc. Kochi
Name of publisher, distributor, etc. Syro -Malabar Liturgical Research Centre
Date of publication, distribution, etc. 2015
300 ## - PHYSICAL DESCRIPTION
Extent 160 p.
630 ## - SUBJECT ADDED ENTRY--UNIFORM TITLE
General subdivision Religion
650 ## - SUBJECT ADDED ENTRY--TOPICAL TERM
Topical term or geographic name entry element Christian moral & devotional theology
650 ## - SUBJECT ADDED ENTRY--TOPICAL TERM
Topical term or geographic name entry element Devotional literature
942 ## - ADDED ENTRY ELEMENTS (KOHA)
Koha item type BOOK
Holdings
Withdrawn status Lost status Source of classification or shelving scheme Damaged status Use restrictions Not for loan Home library Current library Date acquired Total Checkouts Full call number Barcode Shelving location Date last seen Price effective from Koha item type
    Dewey Decimal Classification   RESTRICTED   SB LIBRARY SB LIBRARY 23/01/2026   242.05 SYR-T CC0291 CATHOLIC COLLECTION 23/01/2026 23/01/2026 BOOK

Powered by Koha